000 01077nas a2200349 4500
001 BR0400826
003 BR-BrBNA
005 20231205104407.0
007 ta
008 230509b bl.|||p| |||| 00| 00por d
040 _aBR-BrBNA
_bpor
_cBiblioteca Nacional de Agricultura
041 _a(Pt)
072 _aL01; Q04
100 1 _aArcaro Junior, I.
100 1 _aArcaro, J.R.P.
100 1 _aPozzi, C.R.
100 1 _aFagundes, H.
100 1 _aMatarazzo, S.V.
100 1 _aOliveira, C.A. de
245 1 _aTeores plasmáticos de hormônios, produção e composição do leite em sala de espera climatizada
650 _aVACA LEITEIRA
650 _aLEITE
650 _aPRODUÇÃO LEITEIRA
650 _aCOMPOSIÇÃO DE ALIMENTO
650 _aHORMÔNIO
650 _aSALA DE ORDENHA
650 _aCONTROLE TÉRMICO
650 _aSÃO PAULO
773 0 _tRevista Brasileira de Engenharia Agrícola e Ambiental (Brazil)
_xISSN 1415-4366
_g(May-Aug 2003), v. 7(2) p. 350-354
_wBR0400826
909 _a202311
_bLúcia
_c55
_dLúcia Elande
942 _2AGRIS
_n0
_cANA
999 _c177924
_d177924